Navrhovaná novela zákona o obecnom zriadení znižuje počet poslancov od augusta 2013
Cieľom návrhu zákona je zosúladenie znižovania počtu poslancov s úpravami v Bratislave a v Košiciach s cieľom ušetriť finančné prostriedky, ktoré sa dajú využiť iným spôsobom na chod a fungovanie miest a obcí.
Saved in:
| Main Author: | |
|---|---|
| Format: | Book Chapter |
| Language: | Slovak |
| Subjects: | |
| Tags: |
No Tags, Be the first to tag this record!
|
MARC
| LEADER | 00000nla a2200000 4500 | ||
|---|---|---|---|
| 001 | 0167968 | ||
| 005 | 20240502072929.0 | ||
| 041 | 0 | |a slo | |
| 044 | |a SK | ||
| 245 | 1 | 0 | |a Navrhovaná novela zákona o obecnom zriadení znižuje počet poslancov od augusta 2013 |c Zuzana Neupauerová |
| 520 | |a Cieľom návrhu zákona je zosúladenie znižovania počtu poslancov s úpravami v Bratislave a v Košiciach s cieľom ušetriť finančné prostriedky, ktoré sa dajú využiť iným spôsobom na chod a fungovanie miest a obcí. | ||
| 610 | 2 | 0 | |a poslanci |
| 610 | 2 | 0 | |a orgány zastupiteľské |
| 610 | 2 | 0 | |a financie štátne |
| 610 | 2 | 0 | |a úspory finančné |
| 610 | 2 | 0 | |a kraje |
| 610 | 2 | 0 | |a Slovensko |
| 100 | 1 | |a Neupauerová, Zuzana | |